000 00597nam a2200265Ia 4500
005 20260320203257.0
008 008 262003s9999 xx 000 0 eng d
020 _a978-3-031-69820-0
037 _aEBOOK
040 _aCRL
040 _beng
040 _cCRL
041 _2eng
041 _aeng
084 _qCRL
100 _aRafal Maciag
_91137246
245 0 _aKnowledge as a Tale
260 _bSpringer
260 _c2024
650 _aPhilosophy
856 _uhttps://doi.org/10.1007/978-3-031-69820-0
942 _cEBOOK
999 _c1725989
_d1725989